Intercultural Education (Record no. 16998)
[ view plain ]
| 000 -LEADER | |
|---|---|
| fixed length control field | 00297nam a22001097a 4500 |
| 008 - FIXED-LENGTH DATA ELEMENTS--GENERAL INFORMATION | |
| fixed length control field | 140218t xxu||||| |||| 00| 0 eng d |
| 020 ## - INTERNATIONAL STANDARD BOOK NUMBER | |
| International Standard Book Number | 0-9755860-0-9 |
| 100 ## - MAIN ENTRY--PERSONAL NAME | |
| Personal name | Anwar Dil |
| 9 (RLIN) | 741 |
| 245 ## - TITLE STATEMENT | |
| Title | Intercultural Education |
| Remainder of title | reminiscences of U.S. International University |
| 300 ## - PHYSICAL DESCRIPTION | |
| Extent | 432 |
| 942 ## - ADDED ENTRY ELEMENTS (KOHA) | |
| Source of classification or shelving scheme | |
| Koha item type | Book |
| Withdrawn status | Lost status | Source of classification or shelving scheme | Damaged status | Not for loan | Permanent Location | Current Location | Date acquired | Total Checkouts | Full call number | Barcode | Date last seen | Price effective from | Koha item type |
|---|---|---|---|---|---|---|---|---|---|---|---|---|---|
| Atta-ur-Rahman School of Applied Biosciences (ASAB) | Atta-ur-Rahman School of Applied Biosciences (ASAB) | 02/18/2014 | 370.1 DIL | ASAB186 | 02/18/2014 | 02/18/2014 | Book |
